000 00754nam a22002177a 4500
999 _c5695
_d5695
003 AR-CdUCM
008 190313b ||||| |||| 00| 0 spa d
040 _aMUNICIPALIDAD PROVINCIAL DEL CUSCO
_cBIBLIOTECA MUNICIPAL DEL CUSCO
082 _a869.58 /
_bG66
100 _aGori, Pedro
_914261
245 _aPoesía de emergencia /
260 _aLima :
_bIndustrialgráfica,
_c1961.
300 _a46 paginas ;
_c19 cm.
500 _aDonación familia Nieto
505 _aContenido :El camino pensativo --La orilla profunda --Reflejo y sombra --La fruta de la pendiente --Esperando en el viento --Intranquilidad ...
650 _aLiteratura peruana
_9169
650 _aPoesías
_914363
650 _aSiglo XX
_98
942 _2ddc
_cLIBROS
945 _arjall